[Event "ODJM C 2024"]
[Site "Willingen GER"]
[Date "2024.05.19"]
[Round "2"]
[White "Hantke, Karl"]
[Black "Luible, Sebastian"]
[Result "1-0"]
[Termination "normal"]
[Board "5"]
[WhiteElo "1555"]
[BlackElo "1181"]
[WhiteClock "01:18:15"]
[BlackClock "01:15:57"]
[PlyCount "131"]
[WhiteFideId "34640827"]
[BlackFideId "533001944"]
[EventCountry "GER"]
[EventRounds "9"]
[EventType "swiss"]
[EventDate "2024.05.18"]

1. e4 {[%clk 01:30:57]} {[%emt 00:00:02]} e5 {[%clk 01:30:54]} {[%emt
00:00:06]} 2. Nf3 {[%clk 01:31:16]} {[%emt 00:00:11]} Nf6 {[%clk 01:31:19]}
{[%emt 00:00:05]} 3. Nxe5 {[%clk 01:31:39]} {[%emt 00:00:07]} d6 {[%clk
01:31:39]} {[%emt 00:00:11]} 4. Nf3 {[%clk 01:32:03]} {[%emt 00:00:05]} Nxe4
{[%clk 01:32:04]} {[%emt 00:00:06]} 5. Nc3 {[%clk 01:32:26]} {[%emt 00:00:07]}
Nxc3 {[%clk 01:32:09]} {[%emt 00:00:25]} 6. dxc3 {[%clk 01:32:49]} {[%emt
00:00:07]} Be7 {[%clk 01:32:08]} {[%emt 00:00:31]} 7. Bd3 {[%clk 01:33:02]}
{[%emt 00:00:17]} Nc6 {[%clk 01:32:17]} {[%emt 00:00:21]} 8. Be3 {[%clk
01:33:16]} {[%emt 00:00:15]} Bg4 {[%clk 01:32:34]} {[%emt 00:00:13]} 9. h3
{[%clk 01:33:01]} {[%emt 00:00:45]} Bh5 {[%clk 01:32:26]} {[%emt 00:00:38]} 10.
Qe2 {[%clk 01:33:08]} {[%emt 00:00:23]} Ne5 {[%clk 01:30:52]} {[%emt 00:02:04]}
11. g4 {[%clk 01:32:33]} {[%emt 00:01:06]} Bg6 {[%clk 01:30:29]} {[%emt
00:00:53]} 12. Nxe5 {[%clk 01:32:28]} {[%emt 00:00:35]} dxe5 {[%clk 01:30:44]}
{[%emt 00:00:15]} 13. O-O-O {[%clk 01:32:41]} {[%emt 00:00:16]} Bd6 {[%clk
01:30:20]} {[%emt 00:00:53]} 14. Bxg6 {[%clk 01:32:31]} {[%emt 00:00:41]} hxg6
{[%clk 01:30:14]} {[%emt 00:00:37]} 15. f4 {[%clk 01:32:29]} {[%emt 00:00:32]}
Qe7 {[%clk 01:29:23]} {[%emt 00:01:21]} 16. fxe5 {[%clk 01:25:32]} {[%emt
00:07:27]} Qxe5 {[%clk 01:27:26]} {[%emt 00:02:27]} 17. Qd3 {[%clk 01:23:53]}
{[%emt 00:02:08]} O-O-O {[%clk 01:26:30]} {[%emt 00:01:26]} 18. Bd4 {[%clk
01:23:19]} {[%emt 00:01:05]} Qe6 {[%clk 01:25:03]} {[%emt 00:01:56]} 19. Kb1
{[%clk 01:23:13]} {[%emt 00:00:37]} Be5 {[%clk 01:23:47]} {[%emt 00:01:45]} 20.
Rde1 {[%clk 01:20:48]} {[%emt 00:02:56]} Qc6 {[%clk 01:20:24]} {[%emt
00:03:53]} 21. Rhf1 {[%clk 01:16:11]} {[%emt 00:05:06]} Bxd4 {[%clk 01:20:13]}
{[%emt 00:00:41]} 22. cxd4 {[%clk 01:16:19]} {[%emt 00:00:23]} Qd7 {[%clk
01:18:40]} {[%emt 00:02:02]} 23. c3 {[%clk 01:16:10]} {[%emt 00:00:39]} c5
{[%clk 01:17:55]} {[%emt 00:01:16]} 24. Qc4 {[%clk 01:14:34]} {[%emt 00:02:06]}
Qd5 {[%clk 01:15:56]} {[%emt 00:02:29]} 25. Qxd5 {[%clk 01:12:51]} {[%emt
00:02:13]} Rxd5 {[%clk 01:16:16]} {[%emt 00:00:10]} 26. dxc5 {[%clk 01:13:03]}
{[%emt 00:00:17]} Rxh3 {[%clk 01:15:54]} {[%emt 00:00:52]} 27. Rxf7 {[%clk
01:13:17]} {[%emt 00:00:17]} Rd7 {[%clk 01:15:26]} {[%emt 00:00:57]} 28. Re8+
{[%clk 01:12:29]} {[%emt 00:01:18]} Rd8 {[%clk 01:11:40]} {[%emt 00:04:16]} 29.
Ree7 {[%clk 01:12:30]} {[%emt 00:00:29]} Rh2 {[%clk 01:10:52]} {[%emt
00:01:18]} 30. Rc7+ {[%clk 01:11:53]} {[%emt 00:01:08]} Kb8 {[%clk 01:11:09]}
{[%emt 00:00:13]} 31. Rxb7+ {[%clk 01:12:15]} {[%emt 00:00:08]} Ka8 {[%clk
01:11:35]} {[%emt 00:00:04]} 32. Rxa7+ {[%clk 01:12:28]} {[%emt 00:00:17]} Kb8
{[%clk 01:10:30]} {[%emt 00:01:35]} 33. Rad7 {[%clk 01:12:00]} {[%emt
00:00:57]} Rxd7 {[%clk 01:09:59]} {[%emt 00:01:01]} 34. Rxd7 {[%clk 01:12:21]}
{[%emt 00:00:09]} Rg2 {[%clk 01:10:26]} {[%emt 00:00:02]} 35. Rxg7 {[%clk
01:12:31]} {[%emt 00:00:21]} Rxg4 {[%clk 01:10:44]} {[%emt 00:00:12]} 36. Kc2
{[%clk 01:12:39]} {[%emt 00:00:22]} Rg2+ {[%clk 01:10:43]} {[%emt 00:00:31]}
37. Kb3 {[%clk 01:12:59]} {[%emt 00:00:10]} g5 {[%clk 01:10:48]} {[%emt
00:00:25]} 38. c6 {[%clk 01:13:10]} {[%emt 00:00:19]} g4 {[%clk 01:10:53]}
{[%emt 00:00:25]} 39. a4 {[%clk 01:13:27]} {[%emt 00:00:13]} g3 {[%clk
01:11:12]} {[%emt 00:00:11]} 40. a5 {[%clk 01:13:41]} {[%emt 00:00:16]} Rg1
{[%clk 01:10:46]} {[%emt 00:00:55]} 41. a6 {[%clk 01:13:41]} {[%emt 00:00:31]}
Ra1 {[%clk 01:10:40]} {[%emt 00:00:35]} 42. Rxg3 {[%clk 01:12:00]} {[%emt
00:02:11]} Rxa6 {[%clk 01:10:56]} {[%emt 00:00:15]} 43. Rg6 {[%clk 01:12:16]}
{[%emt 00:00:13]} Kc7 {[%clk 01:10:55]} {[%emt 00:00:32]} 44. Kc2 {[%clk
01:12:26]} {[%emt 00:00:21]} Rxc6 {[%clk 01:11:12]} {[%emt 00:00:12]} 45. Rxc6+
{[%clk 01:12:47]} {[%emt 00:00:08]} Kxc6 {[%clk 01:11:37]} {[%emt 00:00:05]}
46. b4 {[%clk 01:13:12]} {[%emt 00:00:06]} Kb5 {[%clk 01:11:31]} {[%emt
00:00:36]} 47. Kb3 {[%clk 01:13:32]} {[%emt 00:00:09]} Kc6 {[%clk 01:11:39]}
{[%emt 00:00:21]} 48. c4 {[%clk 01:13:49]} {[%emt 00:00:15]} Kb6 {[%clk
01:12:01]} {[%emt 00:00:08]} 49. c5+ {[%clk 01:14:06]} {[%emt 00:00:13]} Kb5
{[%clk 01:12:16]} {[%emt 00:00:15]} 50. Kc3 {[%clk 01:14:31]} {[%emt 00:00:04]}
Kc6 {[%emt 00:00:24]} 51. Kc4 {[%clk 01:14:53]} {[%emt 00:00:07]} Kb7 {[%clk
01:12:47]} {[%emt 00:00:06]} 52. b5 {[%clk 01:15:09]} {[%emt 00:00:16]} Kc7
{[%clk 01:13:12]} {[%emt 00:00:04]} 53. Kd5 {[%clk 01:15:33]} {[%emt 00:00:06]}
Kb7 {[%clk 01:13:29]} {[%emt 00:00:13]} 54. Kd6 {[%clk 01:15:57]} {[%emt
00:00:06]} Kc8 {[%clk 01:13:34]} {[%emt 00:00:25]} 55. Kc6 {[%clk 01:16:19]}
{[%emt 00:00:08]} Kb8 {[%clk 01:14:00]} {[%emt 00:00:04]} 56. Kd7 {[%clk
01:16:43]} {[%emt 00:00:06]} Ka8 {[%clk 01:14:12]} {[%emt 00:00:18]} 57. c6
{[%clk 01:17:05]} {[%emt 00:00:09]} Ka7 {[%clk 01:14:05]} {[%emt 00:00:36]} 58.
c7 {[%clk 01:17:29]} {[%emt 00:00:06]} Kb6 {[%clk 01:14:14]} {[%emt 00:00:21]}
59. c8=Q {[%clk 01:17:42]} {[%emt 00:00:17]} Kxb5 {[%clk 01:14:39]} {[%emt
00:00:05]} 60. Kd6 {[%clk 01:17:46]} {[%emt 00:00:26]} Kb4 {[%clk 01:15:02]}
{[%emt 00:00:08]} 61. Kd5 {[%clk 01:17:41]} {[%emt 00:01:02]} Kb3 {[%clk
01:15:17]} {[%emt 00:00:14]} 62. Kd4 {[%clk 01:17:47]} {[%emt 00:00:25]} Kb2
{[%clk 01:15:39]} {[%emt 00:00:07]} 63. Qc3+ {[%clk 01:17:58]} {[%emt
00:00:20]} Kb1 {[%clk 01:15:40]} {[%emt 00:00:29]} 64. Qd2 {[%clk 01:18:17]}
{[%emt 00:00:10]} Ka1 {[%clk 01:15:50]} {[%emt 00:00:20]} 65. Kc3 {[%clk
01:18:35]} {[%emt 00:00:11]} Kb1 {[%clk 01:15:57]} {[%emt 00:00:25]} 66. Qb2#
{[%clk 01:18:15]} {[%emt 00:00:18]} 1-0

[Event "ODJM C 2024"]
[Site "Willingen GER"]
[Date "2024.05.19"]
[Round "2"]
[White "Giss, Annika"]
[Black "Rose, Elias Bernd"]
[Result "1/2-1/2"]
[Termination "normal"]
[Board "6"]
[WhiteElo "1642"]
[BlackElo "1292"]
[WhiteClock "01:07:32"]
[BlackClock "00:23:52"]
[PlyCount "105"]
[WhiteFideId "34673148"]
[BlackFideId "34665730"]
[EventCountry "GER"]
[EventRounds "9"]
[EventType "swiss"]
[EventDate "2024.05.18"]

1. e4 {[%clk 01:30:57]} {[%emt 00:00:02]} e6 {[%clk 01:30:49]} {[%emt
00:00:12]} 2. d4 {[%clk 01:31:21]} {[%emt 00:00:05]} d5 {[%clk 01:31:12]}
{[%emt 00:00:07]} 3. exd5 {[%clk 01:31:45]} {[%emt 00:00:06]} exd5 {[%clk
01:31:35]} {[%emt 00:00:07]} 4. Bd3 {[%clk 01:32:06]} {[%emt 00:00:09]} Bd6
{[%clk 01:28:05]} {[%emt 00:04:00]} 5. Ne2 {[%clk 01:32:04]} {[%emt 00:00:31]}
Ne7 {[%clk 01:27:42]} {[%emt 00:00:55]} 6. Bg5 {[%clk 01:31:56]} {[%emt
00:00:36]} f6 {[%clk 01:26:33]} {[%emt 00:01:40]} 7. Bh4 {[%clk 01:32:10]}
{[%emt 00:00:14]} Bf5 {[%clk 01:26:38]} {[%emt 00:00:27]} 8. Nbc3 {[%clk
01:31:41]} {[%emt 00:00:59]} Bxd3 {[%clk 01:26:07]} {[%emt 00:01:02]} 9. Qxd3
{[%clk 01:31:57]} {[%emt 00:00:13]} Nbc6 {[%clk 01:25:03]} {[%emt 00:01:35]}
10. Nb5 {[%clk 01:28:17]} {[%emt 00:04:09]} O-O {[%clk 01:22:30]} {[%emt
00:03:04]} 11. Nxd6 {[%clk 01:27:54]} {[%emt 00:00:52]} Qxd6 {[%clk 01:22:33]}
{[%emt 00:00:28]} 12. Bg3 {[%clk 01:26:49]} {[%emt 00:01:33]} Qd7 {[%clk
01:22:39]} {[%emt 00:00:26]} 13. O-O-O {[%clk 01:26:04]} {[%emt 00:01:13]} Rab8
{[%clk 01:19:34]} {[%emt 00:03:37]} 14. Nc3 {[%clk 01:24:18]} {[%emt 00:02:15]}
Na5 {[%clk 01:18:45]} {[%emt 00:01:19]} 15. Qb5 {[%clk 01:23:43]} {[%emt
00:01:04]} Nac6 {[%clk 01:17:45]} {[%emt 00:01:32]} 16. Na4 {[%clk 01:22:36]}
{[%emt 00:01:37]} b6 {[%clk 01:16:29]} {[%emt 00:01:45]} 17. Rhe1 {[%clk
01:21:49]} {[%emt 00:01:17]} Qf5 {[%clk 01:11:23]} {[%emt 00:05:36]} 18. Nc3
{[%clk 01:20:02]} {[%emt 00:02:16]} Ra8 {[%clk 01:05:24]} {[%emt 00:06:30]} 19.
f3 {[%clk 01:18:54]} {[%emt 00:01:38]} a6 {[%clk 01:04:04]} {[%emt 00:01:51]}
20. Qd3 {[%clk 01:18:03]} {[%emt 00:01:20]} Qxd3 {[%clk 01:01:30]} {[%emt
00:03:05]} 21. Rxd3 {[%clk 01:18:14]} {[%emt 00:00:18]} Ra7 {[%clk 01:01:28]}
{[%emt 00:00:33]} 22. Bf2 {[%clk 01:17:22]} {[%emt 00:01:21]} Rd8 {[%clk
00:57:54]} {[%emt 00:04:04]} 23. Rde3 {[%clk 01:16:33]} {[%emt 00:01:19]} Rd7
{[%clk 00:57:54]} {[%emt 00:00:31]} 24. Bg3 {[%clk 01:15:07]} {[%emt 00:01:54]}
Nf5 {[%clk 00:56:36]} {[%emt 00:01:49]} 25. Rd3 {[%clk 01:14:00]} {[%emt
00:01:37]} Ncxd4 {[%clk 00:56:05]} {[%emt 00:01:02]} 26. Red1 {[%clk 01:13:48]}
{[%emt 00:00:41]} c5 {[%clk 00:49:38]} {[%emt 00:06:58]} 27. Bf2 {[%clk
01:13:42]} {[%emt 00:00:35]} b5 {[%clk 00:47:05]} {[%emt 00:03:04]} 28. g4
{[%clk 01:11:50]} {[%emt 00:02:22]} b4 {[%clk 00:45:24]} {[%emt 00:02:11]} 29.
gxf5 {[%clk 01:11:56]} {[%emt 00:00:24]} bxc3 {[%clk 00:44:30]} {[%emt
00:01:23]} 30. bxc3 {[%clk 01:11:57]} {[%emt 00:00:28]} Ne2+ {[%emt 00:02:37]}
31. Kd2 {[%emt 00:01:16]} Nf4 {[%clk 00:40:50]} {[%emt 00:00:18]} 32. Re3
{[%clk 01:11:55]} {[%emt 00:00:32]} Rac7 {[%clk 00:37:23]} {[%emt 00:03:57]}
33. Bg3 {[%clk 01:11:23]} {[%emt 00:01:01]} d4 {[%clk 00:35:01]} {[%emt
00:02:53]} 34. cxd4 {[%clk 01:10:13]} {[%emt 00:01:40]} Rxd4+ {[%clk 00:34:28]}
{[%emt 00:01:03]} 35. Kc1 {[%clk 01:10:00]} {[%emt 00:00:42]} Rcd7 {[%clk
00:34:02]} {[%emt 00:00:57]} 36. Rxd4 {[%clk 01:08:41]} {[%emt 00:01:48]} Rxd4
{[%clk 00:32:43]} {[%emt 00:01:49]} 37. Ra3 {[%clk 01:07:47]} {[%emt 00:01:25]}
Ne2+ {[%clk 00:32:14]} {[%emt 00:01:00]} 38. Kb2 {[%clk 01:07:36]} {[%emt
00:00:40]} Nxg3 {[%clk 00:30:35]} {[%emt 00:02:09]} 39. hxg3 {[%clk 01:07:40]}
{[%emt 00:00:26]} Rd6 {[%clk 00:30:51]} {[%emt 00:00:14]} 40. Ra5 {[%clk
01:07:16]} {[%emt 00:00:53]} Rd5 {[%clk 00:27:02]} {[%emt 00:04:20]} 41. g4
{[%clk 01:07:33]} {[%emt 00:00:13]} Kf8 {[%clk 00:25:42]} {[%emt 00:01:51]} 42.
Rxa6 {[%clk 01:07:50]} {[%emt 00:00:13]} h5 {[%clk 00:25:40]} {[%emt 00:00:31]}
43. Ra4 {[%clk 01:07:36]} {[%emt 00:00:44]} h4 {[%clk 00:25:47]} {[%emt
00:00:23]} 44. Re4 {[%clk 01:07:25]} {[%emt 00:00:40]} Re5 {[%clk 00:25:48]}
{[%emt 00:00:30]} 45. Ra4 {[%clk 01:06:53]} {[%emt 00:01:02]} h3 {[%clk
00:25:43]} {[%emt 00:00:35]} 46. f4 {[%clk 01:06:15]} {[%emt 00:01:09]} Re3
{[%clk 00:25:41]} {[%emt 00:00:32]} 47. Ra8+ {[%clk 01:06:15]} {[%emt
00:00:30]} Ke7 {[%clk 00:23:53]} {[%emt 00:02:17]} 48. Rh8 {[%clk 01:06:33]}
{[%emt 00:00:11]} Kd6 {[%clk 00:23:34]} {[%emt 00:00:50]} 49. Rd8+ {[%clk
01:06:30]} {[%emt 00:00:34]} Kc6 {[%clk 00:23:10]} {[%emt 00:00:54]} 50. Rd2
{[%clk 01:06:52]} {[%emt 00:00:07]} Rg3 {[%clk 00:23:19]} {[%emt 00:00:22]} 51.
Rh2 {[%clk 01:07:02]} {[%emt 00:00:19]} Rxg4 {[%clk 00:23:31]} {[%emt
00:00:18]} 52. Rxh3 {[%clk 01:07:22]} {[%emt 00:00:10]} Rxf4 {[%clk 00:23:52]}
{[%emt 00:00:09]} 53. Rh7 {[%clk 01:07:32]} {[%emt 00:00:19]} 1/2-1/2

[Event "ODJM C 2024"]
[Site "Willingen GER"]
[Date "2024.05.19"]
[Round "2"]
[White "Stopp, Bruno"]
[Black "Schilay, Vinzenz"]
[Result "0-1"]
[Termination "normal"]
[Board "8"]
[WhiteElo "1249"]
[BlackElo "1143"]
[WhiteClock "00:42:58"]
[BlackClock "00:36:27"]
[PlyCount "116"]
[WhiteFideId "34640347"]
[BlackFideId "12983209"]
[EventCountry "GER"]
[EventRounds "9"]
[EventType "swiss"]
[EventDate "2024.05.18"]

1. e4 {[%clk 01:30:56]} {[%emt 00:00:03]} e5 {[%clk 01:30:47]} {[%emt
00:00:14]} 2. Nf3 {[%clk 01:31:19]} {[%emt 00:00:06]} Nc6 {[%clk 01:31:03]}
{[%emt 00:00:15]} 3. Bc4 {[%clk 01:31:40]} {[%emt 00:00:08]} Bc5 {[%clk
01:30:54]} {[%emt 00:00:40]} 4. d3 {[%clk 01:31:58]} {[%emt 00:00:12]} Nf6
{[%clk 01:31:12]} {[%emt 00:00:11]} 5. Nc3 {[%clk 01:32:17]} {[%emt 00:00:10]}
d6 {[%clk 01:31:11]} {[%emt 00:00:33]} 6. Bg5 {[%clk 01:32:14]} {[%emt
00:00:32]} h6 {[%clk 01:29:20]} {[%emt 00:02:21]} 7. Bxf6 {[%clk 01:32:18]}
{[%emt 00:00:26]} Qxf6 {[%clk 01:29:10]} {[%emt 00:00:39]} 8. Nd5 {[%clk
01:32:28]} {[%emt 00:00:20]} Qd8 {[%clk 01:29:16]} {[%emt 00:00:25]} 9. c3
{[%clk 01:30:49]} {[%emt 00:02:07]} Ne7 {[%clk 01:24:27]} {[%emt 00:05:22]} 10.
Qd2 {[%clk 01:27:23]} {[%emt 00:03:54]} c6 {[%clk 01:23:51]} {[%emt 00:01:08]}
11. Ne3 {[%clk 01:26:11]} {[%emt 00:01:38]} Bxe3 {[%clk 01:16:20]} {[%emt
00:08:04]} 12. fxe3 {[%clk 01:26:15]} {[%emt 00:00:26]} f5 {[%clk 01:16:35]}
{[%emt 00:00:16]} 13. exf5 {[%clk 01:24:46]} {[%emt 00:01:57]} Bxf5 {[%clk
01:16:13]} {[%emt 00:00:53]} 14. e4 {[%clk 01:25:06]} {[%emt 00:00:11]} Bh7
{[%clk 01:11:25]} {[%emt 00:05:18]} 15. O-O {[%clk 01:21:48]} {[%emt 00:03:48]}
Qd7 {[%clk 01:10:42]} {[%emt 00:01:13]} 16. Qf2 {[%clk 01:19:44]} {[%emt
00:02:30]} a6 {[%clk 01:07:38]} {[%emt 00:03:39]} 17. Nh4 {[%clk 01:18:07]}
{[%emt 00:02:04]} O-O-O {[%clk 01:05:57]} {[%emt 00:02:12]} 18. Qa7 {[%clk
01:14:51]} {[%emt 00:03:42]} Qg4 {[%clk 01:01:31]} {[%emt 00:04:59]} 19. Nf3
{[%clk 01:13:14]} {[%emt 00:02:08]} Ng6 {[%clk 00:58:52]} {[%emt 00:03:10]} 20.
Kh1 {[%clk 01:10:24]} {[%emt 00:03:18]} h5 {[%clk 00:56:47]} {[%emt 00:02:37]}
21. b4 {[%clk 01:01:32]} {[%emt 00:09:20]} h4 {[%clk 00:55:44]} {[%emt
00:01:33]} 22. h3 {[%clk 01:00:59]} {[%emt 00:01:04]} Qg3 {[%clk 00:54:55]}
{[%emt 00:01:19]} 23. a4 {[%clk 00:57:42]} {[%emt 00:03:47]} Nf4 {[%clk
00:54:07]} {[%emt 00:01:18]} 24. Qf2 {[%clk 00:55:42]} {[%emt 00:02:25]} d5
{[%clk 00:51:43]} {[%emt 00:02:59]} 25. Nxe5 {[%clk 00:52:08]} {[%emt
00:04:04]} Ne2 {[%clk 00:44:58]} {[%emt 00:07:15]} 26. Qxe2 {[%clk 00:51:32]}
{[%emt 00:01:05]} Qxe5 {[%clk 00:44:04]} {[%emt 00:01:25]} 27. Qg4+ {[%clk
00:50:59]} {[%emt 00:00:56]} Kb8 {[%clk 00:41:08]} {[%emt 00:03:33]} 28. d4
{[%clk 00:48:50]} {[%emt 00:02:34]} Qxe4 {[%clk 00:40:12]} {[%emt 00:01:31]}
29. Qxe4 {[%clk 00:45:39]} {[%emt 00:03:41]} Bxe4 {[%clk 00:40:23]} {[%emt
00:00:19]} 30. Bb3 {[%clk 00:45:14]} {[%emt 00:00:49]} Rdf8 {[%clk 00:39:44]}
{[%emt 00:01:15]} 31. Rae1 {[%clk 00:44:57]} {[%emt 00:00:38]} g5 {[%clk
00:38:25]} {[%emt 00:01:58]} 32. Kg1 {[%clk 00:41:00]} {[%emt 00:04:25]} Kc7
{[%clk 00:36:43]} {[%emt 00:02:14]} 33. Kh2 {[%clk 00:39:13]} {[%emt 00:02:16]}
Kd8 {[%clk 00:35:53]} {[%emt 00:01:21]} 34. g3 {[%clk 00:39:21]} {[%emt
00:00:21]} hxg3+ {[%clk 00:35:27]} {[%emt 00:00:56]} 35. Kxg3 {[%clk 00:39:41]}
{[%emt 00:00:11]} Bf5 {[%clk 00:32:43]} {[%emt 00:03:14]} 36. Kg2 {[%clk
00:39:44]} {[%emt 00:00:26]} Bxh3+ {[%clk 00:32:55]} {[%emt 00:00:18]} 37. Kg1
{[%clk 00:39:21]} {[%emt 00:00:52]} Rxf1+ {[%clk 00:32:23]} {[%emt 00:01:04]}
38. Rxf1 {[%clk 00:39:39]} {[%emt 00:00:12]} Bxf1 {[%clk 00:32:43]} {[%emt
00:00:10]} 39. Kxf1 {[%clk 00:40:03]} {[%emt 00:00:05]} Rh3 {[%clk 00:33:01]}
{[%emt 00:00:13]} 40. Bd1 {[%clk 00:39:22]} {[%emt 00:01:11]} Rxc3 {[%clk
00:33:14]} {[%emt 00:00:17]} 41. b5 {[%clk 00:39:14]} {[%emt 00:00:38]} Rc4
{[%clk 00:33:07]} {[%emt 00:00:38]} 42. bxa6 {[%clk 00:39:19]} {[%emt
00:00:23]} bxa6 {[%clk 00:33:17]} {[%emt 00:00:20]} 43. a5 {[%clk 00:39:35]}
{[%emt 00:00:15]} Rxd4 {[%clk 00:33:35]} {[%emt 00:00:12]} 44. Be2 {[%clk
00:39:47]} {[%emt 00:00:17]} Ra4 {[%clk 00:33:47]} {[%emt 00:00:19]} 45. Bxa6
{[%clk 00:39:57]} {[%emt 00:00:20]} Rxa5 {[%clk 00:34:03]} {[%emt 00:00:14]}
46. Bd3 {[%clk 00:40:02]} {[%emt 00:00:24]} Ra2 {[%clk 00:34:08]} {[%emt
00:00:25]} 47. Be2 {[%clk 00:40:21]} {[%emt 00:00:11]} Rxe2 {[%clk 00:34:25]}
{[%emt 00:00:14]} 48. Kxe2 {[%clk 00:40:36]} {[%emt 00:00:14]} c5 {[%clk
00:34:45]} {[%emt 00:00:11]} 49. Kd3 {[%clk 00:40:44]} {[%emt 00:00:22]} g4
{[%clk 00:35:02]} {[%emt 00:00:12]} 50. Kc2 {[%clk 00:40:56]} {[%emt 00:00:19]}
g3 {[%clk 00:35:14]} {[%emt 00:00:18]} 51. Kb1 {[%clk 00:41:01]} {[%emt
00:00:22]} g2 {[%clk 00:35:33]} {[%emt 00:00:14]} 52. Ka2 {[%clk 00:41:25]}
{[%emt 00:00:06]} g1=Q {[%clk 00:35:52]} {[%emt 00:00:11]} 53. Kb2 {[%clk
00:41:50]} {[%emt 00:00:05]} d4 {[%clk 00:36:00]} {[%emt 00:00:22]} 54. Kc2
{[%clk 00:42:10]} {[%emt 00:00:09]} c4 {[%clk 00:36:17]} {[%emt 00:00:14]} 55.
Kd2 {[%clk 00:42:25]} {[%emt 00:00:05]} c3+ {[%clk 00:35:54]} {[%emt 00:01:03]}
56. Kc2 {[%clk 00:42:42]} {[%emt 00:00:13]} Qe3 {[%clk 00:35:55]} {[%emt
00:00:28]} 57. Kb1 {[%clk 00:42:57]} {[%emt 00:00:15]} Qd2 {[%clk 00:36:06]}
{[%emt 00:00:19]} 58. Ka1 {[%clk 00:42:58]} {[%emt 00:00:29]} Qb2# {[%clk
00:36:27]} {[%emt 00:00:10]} 0-1

[Event "ODJM C 2024"]
[Site "Willingen GER"]
[Date "2024.05.19"]
[Round "2"]
[White "Winklmann, Alexander"]
[Black "Kulgemeyer, Justus"]
[Result "0-1"]
[Termination "normal"]
[Board "9"]
[WhiteElo "1075"]
[BlackElo "1243"]
[WhiteClock "01:16:29"]
[BlackClock "01:26:34"]
[PlyCount "38"]
[WhiteFideId "533001979"]
[BlackFideId "34623671"]
[EventCountry "GER"]
[EventRounds "9"]
[EventType "swiss"]
[EventDate "2024.05.18"]

1. e4 {[%clk 01:30:59]} {[%emt 00:00:01]} c5 {[%clk 01:30:54]} {[%emt
00:00:05]} 2. Nf3 {[%clk 01:31:25]} {[%emt 00:00:05]} e6 {[%clk 01:31:09]}
{[%emt 00:00:15]} 3. c3 {[%clk 01:31:50]} {[%emt 00:00:05]} Nc6 {[%clk
01:31:25]} {[%emt 00:00:14]} 4. d4 {[%clk 01:32:00]} {[%emt 00:00:20]} cxd4
{[%clk 01:31:40]} {[%emt 00:00:15]} 5. cxd4 {[%clk 01:32:23]} {[%emt 00:00:07]}
Qc7 {[%clk 01:31:41]} {[%emt 00:00:29]} 6. Bc4 {[%clk 01:29:23]} {[%emt
00:03:29]} a6 {[%clk 01:30:59]} {[%emt 00:01:13]} 7. d5 {[%clk 01:28:35]}
{[%emt 00:01:17]} Ne5 {[%emt 00:02:38]} 8. Nxe5 {[%clk 01:25:39]} {[%emt
00:03:23]} Qxe5 {[%clk 01:28:49]} {[%emt 00:00:35]} 9. Qd3 {[%clk 01:25:26]}
{[%emt 00:00:43]} b5 {[%clk 01:27:57]} {[%emt 00:01:23]} 10. Bb3 {[%clk
01:24:35]} {[%emt 00:01:21]} Nf6 {[%clk 01:28:09]} {[%emt 00:00:18]} 11. Bc2
{[%clk 01:22:58]} {[%emt 00:02:05]} Nxd5 {[%clk 01:28:11]} {[%emt 00:00:30]}
12. O-O {[%emt 00:02:11]} Nb4 {[%emt 00:01:27]} 13. Qd2 {[%clk 01:18:07]}
{[%emt 00:01:41]} Nxc2 {[%clk 01:26:51]} {[%emt 00:01:52]} 14. Qxc2 {[%clk
01:17:18]} {[%emt 00:01:19]} Bb7 {[%clk 01:26:40]} {[%emt 00:00:41]} 15. Nc3
{[%clk 01:17:00]} {[%emt 00:00:48]} b4 {[%clk 01:26:15]} {[%emt 00:00:56]} 16.
f4 {[%clk 01:16:56]} {[%emt 00:00:33]} Qc5+ {[%clk 01:26:22]} {[%emt 00:00:23]}
17. Rf2 {[%clk 01:16:30]} {[%emt 00:00:55]} bxc3 {[%clk 01:26:34]} {[%emt
00:00:19]} 18. bxc3 {[%clk 01:16:26]} {[%emt 00:00:33]} Qc4 {[%clk 01:26:19]}
{[%emt 00:00:46]} 19. e5 {[%clk 01:16:29]} {[%emt 00:00:27]} Bc5 {[%clk
01:26:34]} {[%emt 00:00:15]} 0-1